LEADER 00981nam0-22003611i-450- 001 990001489120403321 010 $a0-444-82891-5 035 $a000148912 035 $aFED01000148912 035 $a(Aleph)000148912FED01 035 $a000148912 100 $a20020121d2000----km-y0itay50------ba 101 0 $aeng 102 $aDE 105 $aa---a---001yy 200 1 $aMathematical elasticity$evolume III: Theory of shells$fP. G. Ciarlet 210 $aAmsterdam$cElsevier$dc2000 215 $axiii, 599 p.$cill.$d24 cm 225 1 $aStudies in mathematics and its applications$v29 300 $avolume III 610 0 $aElasticitą 676 $a531.381$v21D 700 1$aCiarlet,$bPhilippe G.$013206 801 0$aIT$bUNINA$gRICA$2UNIMARC 901 $aBK 912 $a990001489120403321 952 $aC-53-(29$b17719$fMA1 959 $aMA1 962 $a47K25 962 $a74G10 962 $a74B05 996 $aMathematical elasticity$9229545 997 $aUNINA LEADER 01732nam 2200421 n 450 001 996391251903316 005 20240530120551.0 035 $a(CKB)1000000000658220 035 $a(EEBO)2248542136 035 $a(UnM)99852140 035 $a(EXLCZ)991000000000658220 100 $a19920422d1638 uy | 101 0 $aeng 135 $aurbn#|||a|bb| 181 $ctxt$2rdacontent 182 $cc$2rdamedia 183 $acr$2rdacarrier 200 12$aA short relation of the state of the Kirk of Scotland since the reformation of religion, to the present time $efor information, and advertisement to our brethren in the Kirk of England, by an hearty well-wisher to both kingdomes 210 $a[Edinburgh] $cPrinted [by John Wreittoun?]$din the yeare of God, 1638 215 $a[24] p 300 $aAn hearty well-wisher to both kingdomes = Archibald Johnston, Lord Warriston. 300 $aErroneously attributed to James Melville and to John Leslie, Earl of Rothes. 300 $aPrinter's name conjectured by STC. 300 $aSignatures: A-C⁓. 300 $aRunning title reads: A short relation of the estate of the kirk of Scotland. 300 $aThe last leaf is blank. 300 $aReproduction of the original in the Union Theological Seminary (New York, N.Y.). Library. 330 $aeebo-0160 700 $aWarriston$b Archibald Johnston$cLord,$f1611-1663.$01001116 702 $aWreittoun$b John$f-1640, 801 0$bCu-RivES 801 1$bCu-RivES 801 2$bCStRLIN 801 2$bWaOLN 906 $aBOOK 912 $a996391251903316 996 $aA short relation of the state of the Kirk of Scotland since the reformation of religion, to the present time$92401093 997 $aUNISA